Nghệ thuật thuyết trình giỏi : Bí quyết để thính giả nhớ những gì chúng ta nói
Giới thiệu những bí quyết, nguyên tắc cơ bản của nghệ thuật thuyết trình: Hướng dẫn nói một cách hiệu quả, xác định những điều được trông đợi, chuẩn bị chủ đề hoặc luận cứ chính yếu, sự tìm hiểu khán giả, làm cho bài diễn văn m...
محفوظ في:
| المؤلف الرئيسي: | |
|---|---|
| التنسيق: | كتاب |
| اللغة: | Undetermined |
| منشور في: |
Thanh Hóa
Nxb. Thanh Hóa
2019
|
| الموضوعات: | |
| الوسوم: |
إضافة وسم
لا توجد وسوم, كن أول من يضع وسما على هذه التسجيلة!
|
| Thư viện lưu trữ: | Trung tâm Học liệu Trường Đại học Cần Thơ |
|---|
| LEADER | 01161nam a2200217Ia 4500 | ||
|---|---|---|---|
| 001 | CTU_238638 | ||
| 008 | 210402s9999 xx 000 0 und d | ||
| 020 | |c 89000 | ||
| 082 | |a 808.51 | ||
| 082 | |b C712 | ||
| 100 | |a Collins, Philip | ||
| 245 | 0 | |a Nghệ thuật thuyết trình giỏi : | |
| 245 | 0 | |b Bí quyết để thính giả nhớ những gì chúng ta nói | |
| 245 | 0 | |c Philip Collins ; Chương Ngọc (dịch) | |
| 260 | |a Thanh Hóa | ||
| 260 | |b Nxb. Thanh Hóa | ||
| 260 | |c 2019 | ||
| 520 | |a Giới thiệu những bí quyết, nguyên tắc cơ bản của nghệ thuật thuyết trình: Hướng dẫn nói một cách hiệu quả, xác định những điều được trông đợi, chuẩn bị chủ đề hoặc luận cứ chính yếu, sự tìm hiểu khán giả, làm cho bài diễn văn mang tính cách riêng của mình, sự quan tâm đến ngôn ngữ trình bày... | ||
| 650 | |a Nói trước công chúng,Public speaking | ||
| 910 | |b nthai | ||
| 980 | |a Trung tâm Học liệu Trường Đại học Cần Thơ | ||